Beyond jargon : What you need to known about mediation : a Canadian perspective

Zapisane w:
Opis bibliograficzny
1. autor: Dwyer, Dennis
Format: Książka
Język:Undetermined
Wydane: Canada Shoreline 1995
Hasła przedmiotowe:
Etykiety: Dodaj etykietę
Nie ma etykietki, Dołącz pierwszą etykiete!
Thư viện lưu trữ: Trung tâm Học liệu Trường Đại học Cần Thơ
LEADER 00578nam a2200193Ia 4500
001 CTU_171185
008 210402s9999 xx 000 0 und d
082 |a 303.69 
082 |b D993 
100 |a Dwyer, Dennis 
245 0 |a Beyond jargon : 
245 0 |b What you need to known about mediation : a Canadian perspective 
245 0 |c Dennis Dwyer 
260 |a Canada 
260 |b Shoreline 
260 |c 1995 
650 |a Mediation,Conflict management,Hòa giải,Quản lý xung đột 
904 |i Trúc 
980 |a Trung tâm Học liệu Trường Đại học Cần Thơ